| 000 | 00380nam a2200157Ia 4500 | ||
|---|---|---|---|
| 008 | 210719s1995 xx 000 0 und d | ||
| 020 | _a8185386080 | ||
| 041 | _aeng | ||
| 082 | _a657 ANTA | ||
| 100 | _aANTHONY (Robert N) and REECE (James S) | ||
| 245 | _aAccounting principles. | ||
| 260 |
_aDelhi _c1995 |
||
| 300 |
_axvii,678 _bPB |
||
| 365 | _cRs | ||
| 650 | _aAccountancy | ||
| 999 |
_c213957 _d213957 |
||